000 00544nam a2200193 i 4500
001 115855
003 ES-MaACL
005 20251014063148.0
007 t|
008 061121s1979 sp r ||||1| spa d
100 1 _aOrs, Álvaro d',
_d1915-2004
_9139081
245 1 4 _aUna introducción al estudio del derecho /
_cAlvaro d'Ors.
250 _a4ª. ed.
260 _aMadrid :
_bRialp,
_c1979.
300 _a153 p. ;
_c19 cm.
650 0 7 _aDerecho
_2embne
_911602
852 _aES-MaACL
_jA-10659
_bR.99835
999 _c115855
_d115855